Cortejo terrestre

Gorde:
Xehetasun bibliografikoak
Egile nagusia: Campaña, Antonio (Egilea)
Formatua: Liburua
Hizkuntza:gaztelania
Argitaratua: Santiago Eds. Extremo Sur 1986
Gaiak:
Etiketak: Etiketa erantsi
Etiketarik gabe, Izan zaitez lehena erregistro honi etiketa jartzen!

MARC

LEADER 00000nam a2200000 a 4500
001 UCX8074
003 CL-VaPUC
008 940121e19860000CL |||||||||||||||||spa|d
082 0 4 |a Ch861  |b CAM  |2 21 
100 0 |a Campaña, Antonio  |e author  |9 325107 
245 1 0 |a Cortejo terrestre 
300 |a 107 p 
942 |c BK 
945 |d 19940121 00:00:00  |a rbrito 
260 |a Santiago  |b Eds. Extremo Sur  |c 1986 
650 0 |a Poesías chilenas   |9 265280 
583 |a last modification  |c 19940121 00:00:00  |k Rodrigo Vera 
999 |c 227696  |d 227694 
952 |0 0  |1 0  |4 0  |6 CH_861_000000000000000_CAM_1986  |7 0  |8 A  |9 226872  |a BIBEDU  |b BIBEDU  |d 2019-11-15  |i 2958945  |o Ch861 CAM 1986  |p 2958945  |r 2019-11-15  |w 2019-11-15  |y BK  |k LIT